El Problema del "aparato del estado" en el capitalismo contemporáneo; Notas preliminares /

Salvato in:
Dettagli Bibliografici
Autore principale: Boron, Atilio A
Natura: testo
Tags: Aggiungi Tag
Nessun Tag, puoi essere il primo ad aggiungerne!!

MARC

LEADER 00000 a a2200000 04500
001 3204
003
040
100 |a Boron, Atilio A  
245 |a El Problema del "aparato del estado" en el capitalismo contemporáneo; Notas preliminares /  |c Atilio A Boron 
773 |g volumen 1, número 2; páginas 40-59  
999 |c 29273  |d 29273